Por un maldito anuncio / (Registro nro. 12085)
[ vista simple ]
| 000 -LIDER | |
|---|---|
| fixed length control field | 00923nam a22003137a 4500 |
| 001 - NÚMERO DE CONTROL | |
| Identificador de número de control | 1456 |
| 003 - IDENTIFICACDOR DE NÚMERO DE CONTROL | |
| control field | DO-SdBNP |
| 005 - DATE AND TIME OF LATEST TRANSACTION | |
| control field | 20180201152135.0 |
| 007 - CAMPOS FIJOS DE DESCRIPCIÓN FÍSICA | |
| fixed length control field | 1456 |
| 008 - ELEMENTOS DE LONGITUD FIJA | |
| fixed length control field | 151027b 1996 sp || 00| 0 spa d |
| 020 ## - ISBN | |
| International Standard Book Number | 8434830701 |
| 040 ## - FUENTE DE CATALOGACIÓN | |
| Agencia que crea de manera original el registro | BPMSU |
| Idioma de catalogación | spa |
| Agencia que realiza la transcripción | BPMSU |
| 082 ## - NÚMERO DE CLASIFICACIÓN DECIMAL DE DEWEY | |
| Classification number | 863.6 |
| Item number | M539p 1996 |
| 100 ## - ASIENTO PRINCIPAL -- NOMBRE PERSONAL | |
| Nombre personal | Mendo, Miguel Ángel |
| 245 ## - MENCIÓN DE TITULO | |
| Título | Por un maldito anuncio / |
| Mención de responsabilidad | Miguel Ángel Mendo ; Ilustraciones Joan Verdú |
| 250 ## - MENCIÓN DE EDICION | |
| Mención de edición | 9a. ed. |
| 260 ## - PUBLICACIÓN, DISTRIBUCIÓN, ETC. (PIE DE IMPRENTA) | |
| Lugar de publicación, distribución, etc | Madrid : |
| Nombre del editor, distribuidor, etc. | Ediciones SM, |
| Fecha de publicación, distribución, etc | 1996. |
| 300 ## - DESCRIPCIÓN FÍSICA | |
| Extensión | 121 p.: |
| Otros detalles físicos | il.; |
| Medida de la unidad | 20 cm |
| 490 ## - MENCIÓN DE SERIES | |
| Mención de serie | El barco de vapor |
| Volume/sequential designation | 57 |
| 586 ## - AWARDS NOTE | |
| Awards note | Premio lazarillo 1989 |
| 650 ## - ENCABEZAMIENTO DE MATERIA--TEMÁTICO | |
| Término temático o nombre geográfico como elemento de entrada | NOVELA JUVENIL ESPAÑOLA |
| 650 ## - ENCABEZAMIENTO DE MATERIA--TEMÁTICO | |
| Término temático o nombre geográfico como elemento de entrada | CUMPLEAÑOS |
| Subdivisión de forma | NOVELA JUVENIL |
| 650 ## - ENCABEZAMIENTO DE MATERIA--TEMÁTICO | |
| Término temático o nombre geográfico como elemento de entrada | PUBLICIDAD |
| Subdivisión de forma | NOVELA JUVENIL |
| 700 ## - ASIENTO SECUNDARIO -- NOMBRE PERSONAL | |
| Nombre personal | Verdú, Joan, |
| Mención de responsabilidad | ils. |
| 830 ## - ASIENTO SECUNDARIO DE SERIE--TÍTULO UNIFORME | |
| Título uniforme | El barco de vapor ; |
| Volume number/sequential designation | 57 |
| 942 ## - ADDED ENTRY ELEMENTS (KOHA) | |
| Source of classification or shelving scheme | Dewey Decimal Classification |
| Koha item type | Libros |
| 945 ## - INFORMACIÓN DE PROCESAMIENTO LOCAL | |
| Información de procesamiento local | Inventariado, 2018/ YL |
| 956 ## - LOCAL ELECTRONIC LOCATION AND ACCESS (OCLC) | |
| Nombre de host | VMATEO |
| Método de acceso | 10 |
| Materiales especificados | 20161019 |
| Enlace | BPMSU |
| Campo enlazado y núm. de secuencia | 00069 |
| Withdrawn status | Lost status | Source of classification or shelving scheme | Damaged status | Not for loan | Collection code | Home library | Current library | Date acquired | Source of acquisition | Total Checkouts | Full call number | Barcode | Date last seen | Price effective from | Koha item type |
|---|---|---|---|---|---|---|---|---|---|---|---|---|---|---|---|
| Dewey Decimal Classification | Colección Juvenil General | Biblioteca Pública Metropolitana Salomé Ureña | Biblioteca Pública Metropolitana Salomé Ureña | 11/24/2016 | Fundación Educativa y Cultural (FUNDI) | 863.6 M539p 1996 | BPMSU16111534 | 11/24/2016 | 11/24/2016 | Libros |